Pays où The Code de Nemo s'est classé - Statistiques

Statistiques générales
  • Ce quiz a été pris 13 fois
  • Le résultat moyen est 22 sur 25
Statistiques - réponses
Position dans les charts Pays où le titre s'est classé % Correct
2 Autriche
100%
15 Belgique
100%
40 Espagne
100%
32 (Billboard Hot Dance) États Unis
100%
5 Finlande
100%
92 France
100%
1 Grèce
100%
61 Italie
100%
13 Norvège
100%
13 Pays Bas
100%
18 Royaume Uni
100%
5 Suède
100%
1 Suisse
100%
14 Allemagne
89%
17 Irlande
89%
9 Islande
89%
5 Luxembourg
89%
15 Pologne
89%
28 Portugal
89%
25 Tchéquie
89%
8 Croatie
78%
57 Slovaquie
78%
2 Lettonie
44%
2 Lituanie
44%
29 Nouvelle Zélande
33%
Aucun quiz correspondant
Distribution des résultats
% des personnes avec chaque résultat
Percentile par nombre de réponses
Votre historique - résultats
Vous n’avez pas pris ce quiz